1084 1558 1513 1647 1537 1252 1274 1587 1431 1967 1498 1218 1051 1984 1583 1612 1136 1601 1276 1551 1652 1949 1427 1031 1867 1395 1351 1562 1788 1435 1235 1036 1217 1021 1885 1305 1377 1463 1788 1662 1493 1018 1670 1247 1126 1828 1730 1733 1501 1439 1328 1923 1997 1508 1881 1439 1226 1217 1038 1354 1147 1526 1044 1823 1013 1933 1004 1045 1241 1786 1723 1494 1682 1846 1175 1885 1381 1199 1669 1972 1283 1023 1759 1289 1622 1120 1299 1295 1326 1701 1340 1824 1996 1146 1044 1346 1021 1615 1438 BCNSPRNW ULIB Ver.6.0+V

เปลี่ยนเป็นภาษาไทย

Change to English
 แสดงรายละเอียดบรรณานุกรม
  กลับหน้าหลัก

Brief Record : Get Marc (ISO 2709) : E-mail record : QR code < ปิดหน้าต่าง
LEADER : 00000nam 2200000uu 4500
001    13399113568
003     ULIB
008    111128s2550||||th 000 0 tha d
020    ^a9789744347954
090    ^aนว.^bท339ร 2550
100 0  ^aทักษิณา
245 00 ^aรักละมุน...อุ่นดวงใจ/^cทักษิณา
250    ^aพิมพ์ครั้งที่ 1
260    ^aกรุงเทพฯ :^bฟิสิกส์เซ็นเตอร์,^c2550
300    ^a257 หน้า
710 1  ^aฟิสิกส์เซ็นเตอรื
945    ^p165^l0^i14004
995    ^aกัณชพร
999    ^aใช้งานได้ทุกระบบ
รายการนี้ยังไม่มีแท็ก
คุณยังไม่ได้ล็อกอิน คุณสามารถมีกิจกรรมร่วมกับเว็บไซต์ได้ แต่ต้องล็อกอินก่อน ::
  ล็อกอิน

รายการสื่อสารสนเทศ

ลำดับที่ ประเภท เลขเรียก/บาร์โค้ด สถานที่ สถานะ
1. วิทยาศาสตร์การแพทย์ และสุขภาพ
วิทยาศาสตร์การแพทย์ และสุขภาพ
นว. ท339ร 2550  
  Barcode: 14004
ห้องสมุดวิทยาเขตสวรรค์ประชารักษ์
►นวนิยาย
บนชั้น
  ขอยืม

รายการใกล้เคียง
    ผู้แต่ง [ทักษิณา]

BibComment


ยังไม่เคยถูกคอมเมนท์

คอมเมนท์ทรัพยากรรายการนี้
  คอมเมนท์: รักละมุนอุ่นดวงใ..


 Copyright 2026. Bcnsprnw @Library